000 00756nam a2200205Ia 4500
003 GCL
008 140319s9999 xx 000 0 ara d
020 _a3235314977
040 _aGCL /
_cGCL
082 0 4 _aق
_b953.0738
_bن ح
100 1 _aنجوى كمال كيرة
245 1 0 _aحياة العامة فى مصر فى العصر الفاطمى (358-567 هـ \ 969 - 1171 م ) /
_cنجوى كمال كيرة
250 _aالاولى
260 _aالقاهرة :
_bزهراء الشرق ،
_c2004
300 _a602 ص ؛
_c24 سم
650 0 4 _aمصر - تاريخ - العصر الفاطمى ( 969-1171 م )
650 0 4 _aمصر - الاحوال السياسية
650 0 4 _aمصر - الاحوال الاجتماعية
942 _2ddc
_cBK
999 _c51122
_d51122